| 000 | 00441nam a22001577a 4500 | ||
|---|---|---|---|
| 003 | SISC | ||
| 005 | 20160217134732.0 | ||
| 008 | 140227t xxu||||| |||| 00| 0 eng d | ||
| 050 |
_aQD 504 _b.K55 1986 |
||
| 100 |
_aKlotz, Irving _930751 |
||
| 245 |
_aChemical Thermodynamics / _cIrving Klotz. |
||
| 260 |
_aCalifornia : _bBenjamin/Cummings Publishings Company Inc., _c1986. |
||
| 300 |
_a512 p. : _c26 cm. |
||
| 942 |
_2lcc _cBK |
||
| 999 |
_c42443 _d42443 |
||